Underground rappers by their most streamed song - Statistics

General Stats
  • This quiz has been taken 315 times
  • The average score is 12 of 41
Answer Stats
Hint Answer % Correct
LSD on My Tongue Hi-C
84%
love hate xaviersobased
83%
agenda Che
78%
Vogue 1oneam
76%
Shut Up Nettspend
76%
Easter Pink fakemink
74%
LV Sandals EsDeeKid
63%
U Fancy ? Nine Vicious
58%
Be Nice 2 Me Bladee
51%
Black & Tan YT
47%
jiggy ksuuvi
44%
Bad Man Glokk40Spaz
40%
Boolymon Okaymar
39%
The Cup Dave Blunts
38%
inspire phreshboyswag
38%
IM NOT GOD BUT I WISH I WAS smokedope2016
36%
#34 Bitches Suck My Dick #Based and #Proper Freestyle tenkay
35%
1o Yhapojj
33%
Shrimp 2slimey
30%
Bunny Suit Sematary
27%
Princess Cuts My Wrist Black Kray
25%
Gout Joeyy
25%
Loser Lil Shine
23%
Disagree Duwap Kaine
21%
i dont want that many friends in the first place quinn
13%
Ten ft. Yung Lean Adamn Killa
11%
Husqrider Turnabout
11%
Run Shannon Run BBY GOYARD
10%
On Deck Acid Souljah
8%
persona yuke
8%
Dusk Til Dawn Cartier God
7%
not myself luracks
7%
Sticky & Disgusting Marjorie WC Sinclair
7%
MUSICA DE ASCENSOR AgusFortnite2008
5%
Fast Life Smokingskul
5%
Honda David Shawty
4%
HOW TO NO MELODY Christ Dillinger
3%
clueless kuru
2%
Cuts On My Wrist Sidney Phillips
2%
JUGGIN' Dani Kyoko
1%
Style Tek lintowe
0%
No matching quizzes found
Score Distribution
Percent of People with Each Score
Percentile by Number Answered
Your Score History
You have not taken this quiz